000
00288nam a22001337a 4500
020
_a
0-8273-2532-0
082
_a
621.31 KUB
100
_a
KUBALA,THOMAS S
_9
62347
245
_a
ELECTRICITY 2
250
_a
4TH
260
_a
USA
_b
DELMAR PUBLISHERS
_c
1966
300
_a
126P
942
_c
BK
999
_c
571480
_d
571480